000
00328 a2200169 4500
001
186445
020
_a
85-294-0311-8
040
_c
Magnum
100
_a
Birner, Ernesto
240
1
0
_a
Biologia 3
_l
por
245
1
0
_a
Biologia 3
300
_a
590
362
0
_a
2005
440
1
_a
Harbra
697
_a
BIOLOGIA
942
_c
BK
999
_c
186445
_d
186445